000 00337nam a2200145 i 4500
001 bg
100 1 _aMOROZ, Włodzimierz
245 0 _aMaszyny elektryczne /
_cWłodzimierz Moroz.
250 _aWyd.14 popr.
260 _aWarszawa,
_c1971.
040 _cBPK
041 _apol
942 _cKS
008 s pl f |000 0 pol
999 _c7333
_d7333
856 _uhttp://koha.tu.koszalin.pl/cgi-bin/koha/opac-detail.pl?biblionumber=7333
_yKatalog online BPK